00377nam a2200133Ia 45000010005000000080041000050200022000460820024000681000036000922450055001282600017001839010028002009990015002282481241024s9999 xx 000 0 und d a978-9945-020-59-5 aRD/320.97293/V476de aRamón Antonio Veras - Negro - 0aDe la calle a los estrados por justicia y libertad bBúhoc2008 a19/9/2012 11:07:35 a.m. c9800d9800